00511nam a2200181 a 450000100060000000300090000600800410001502000150005604000280007108200170009910000490011624500360016526000430020130000110024465000260025565000250028165000230030617939CO-ViMGA141112s2004 ck r 000 u spa d a9589550428 aCO-ViMGAbspacCO-ViMGA04a918.614 S4371 aCastaño Uribe, Carlos; Gomez Duran, Camilo10aSierras y serranias de Colombia aBogotá, cBanco de Occidente, c1999 a205.p.14aMONTAÑAS - COLOMBIA14aSERRANIAS - COLOMBIA14aSIERRAS - COLOMBIA